000
00278nam a2200109Ia 4500
008
230907s9999||||xx |||||||||||||| ||und||
082
_a
621.30202
_b
SAN
100
_a
Santoso, Surya.
245
0
_a
Standard handbook for electrical engineers /
300
_a
pages cm
942
_c
BK
999
_c
598978
_d
598978